| 000 | 01131nam a22002177a 4500 | ||
|---|---|---|---|
| 008 | 100823s1994 xxu||||| |||| 00| 0 ara d | ||
| 020 | _a9775107733 | ||
| 082 |
_222 _a301.4 _bهـ و ك |
||
| 100 | 1 |
_917630 _aهو كستشايلد ، أرلى |
|
| 245 |
_aالوردية الثانية في حياة المرأة العاملة : _cأرلى هو كستشايلد ، آن ماشنج ؛ ترجمة عزة عبد الفتاح الجوهرى ؛ مراجعة نيفين غراب |
||
| 260 |
_aالقاهرة : _bالدار الدولية للنشر والتوزيع ، _c1994. |
||
| 300 |
_a408 ص؛ _c24 سم. |
||
| 504 | _aيحتوى على إرجاعات ببليوجرافية | ||
| 541 |
_aألف باء ؛ _cشراء ؛ |
||
| 650 |
_917635 _aالمرأة العاملة |
||
| 700 |
_917631 _aماشنج ، آن |
||
| 700 |
_917632 _aالجوهرى ، عزة عبد الفتاح _eترجمة |
||
| 700 |
_917634 _aغراب ، نيفين _eمراجعة |
||
| 942 |
_2ddc _cBB |
||
| 999 |
_c14687 _d14687 |
||